Builders and dreamers : the making and meaning of management (Record no. 102268)

MARC details
000 -LEADER
fixed length control field 00696cam a2200181 4500
008 - FIXED-LENGTH DATA ELEMENTS--GENERAL INFORMATION
fixed length control field 020805n2001 000 0 eng u
020 ## - INTERNATIONAL STANDARD BOOK NUMBER
International Standard Book Number 0273654373
035 ## - SYSTEM CONTROL NUMBER
System control number (Sirsi) u119204
050 ## - LIBRARY OF CONGRESS CALL NUMBER
Classification number 658
100 ## - MAIN ENTRY--PERSONAL NAME
Personal name Witzel, M.
245 ## - TITLE STATEMENT
Title Builders and dreamers : the making and meaning of management
260 ## - PUBLICATION, DISTRIBUTION, ETC.
Place of publication, distribution, etc. London
Name of publisher, distributor, etc. Financial Times Prentice Hall
Date of publication, distribution, etc. 2001
300 ## - PHYSICAL DESCRIPTION
Extent xvi,297p.
Dimensions 25cm.
350 ## - PRICE (NR) (BK AM CF MU VM SE) [OBSOLETE]
Price 19.99
520 ## - SUMMARY, ETC.
Summary, etc. Provides examples of the unchanging, fundamental principles in management by considering its history and development and identifying the lessons that can be learnt from the past and be used to reduce uncertainty in the future.
690 ## - LOCAL SUBJECT ADDED ENTRY--TOPICAL TERM (OCLC, RLIN)
Topical term or geographic name as entry element MANAGEMENT
942 ## - ADDED ENTRY ELEMENTS (KOHA)
Suppress in OPAC 0
Holdings
Withdrawn status Lost status Source of classification or shelving scheme Damaged status Not for loan Home library Current library Shelving location Date acquired Cost, normal purchase price Total Checkouts Full call number Barcode Date last seen Date last checked out Copy number Cost, replacement price Price effective from Koha item type
    Dewey Decimal Classification     London London Books 05/09/2002 16.99 6 658 WIT 30066624 06/08/2019 28/03/2003 1 16.99 06/08/2019 Book